Explicación del símbolo, los sacramentos, los misterios
Enregistré dans:
| Auteur principal: | |
|---|---|
| Format: | Livre |
| Langue: | espagnol |
| Publié: |
Madrid
Ciudad Nueva
2005
|
| Édition: | 1a. ed |
| Collection: | Biblioteca de Patrística, 65
|
| Sujets: | |
| Tags: |
Ajouter un tag
Pas de tags, Soyez le premier à ajouter un tag!
|
MARC
| LEADER | 00000cam a2200000 a 4500 | ||
|---|---|---|---|
| 001 | UCE6963 | ||
| 003 | CL-VaPUC | ||
| 008 | 150514e20050000sp |||||||||||||||||spa|d | ||
| 020 | |a 8497150708 | ||
| 082 | 0 | 4 | |a 265 |b DEM |2 21 |
| 100 | 0 | |a De Milán, Ambrosio |e author |9 579681 | |
| 245 | 1 | 0 | |a Explicación del símbolo, los sacramentos, los misterios |
| 250 | |a 1a. ed | ||
| 300 | |a 185 p | ||
| 942 | |c BK | ||
| 945 | |d 20150514 13:01:00 |a arojas | ||
| 260 | |a Madrid |b Ciudad Nueva |c 2005 | ||
| 650 | 0 | |a Sacramentos |9 257270 | |
| 650 | 7 | |a MISTERIOS RELIGIOSOS |2 CL-VaPUC |9 321684 | |
| 650 | 0 | |a Símbolos |9 267425 | |
| 583 | |a last modification |c 20150514 13:01:00 |k Rodrigo Vera | ||
| 490 | 0 | |a Biblioteca de Patrística, 65 | |
| 999 | |c 359128 |d 359126 | ||
| 952 | |0 0 |1 0 |3 erb |4 0 |6 265_000000000000000_DEM_2005 |7 0 |8 A |9 468166 |a BIBTEO |b BIBTEO |i 5149525 |o 265 DEM 2005 |p 5149525 |r 2025-01-17 |w 2019-11-23 |y BK |z Catalogado en:20150514 |k ICR | ||